000
00226nam a22001097a 4500
100
_a
Vicky
245
_a
My Big Picture Book of animals & birds
250
_a
2014
260
_b
Quixol - Pub.
300
_a
32
942
_2
ddc
_c
BK
999
_c
11519
_d
11519